LEADER 01927nam 2200421 a 450 001 9910696650903321 005 20080609162210.0 035 $a(CKB)5470000002380353 035 $a(OCoLC)231425034 035 $a(EXLCZ)995470000002380353 100 $a20080609d2008 ua 0 101 0 $aeng 135 $aurmn||||||||| 181 $ctxt$2rdacontent 182 $cc$2rdamedia 183 $acr$2rdacarrier 200 10$aU.S. Department of Agriculture$b[electronic resource] $emanagement of civil rights efforts continues to be deficient despite years of attention : testimony before the Subcommittee on Government Management, Organization, and Procurement, Committee on Oversight and Government Reform, House of Representatives /$fstatement of Lisa Shames 210 1$a[Washington, D.C.] :$cU.S. Govt. Accountability Office,$d[2008] 215 $a31 pages $cdigital, PDF file 225 1 $aTestimony ;$vGAO-08-755 T 300 $aTitle from title screen (viewed on June 5, 2008). 300 $a"For release ... May 14, 2008." 300 $aPaper version available from: U.S. Govt. Accountability Office, 441 G St., NW, Rm. LM, Washington, D.C. 20548. 320 $aIncludes bibliographical references. 517 $aU.S. Department of Agriculture 606 $aDiscrimination in employment$zUnited States$xPrevention 606 $aDiversity in the workplace$zUnited States 615 0$aDiscrimination in employment$xPrevention. 615 0$aDiversity in the workplace 700 $aShames$b Lisa$01384432 712 02$aUnited States.$bCongress.$bHouse.$bCommittee on Oversight and Government Reform.$bSubcommittee on Government Management, Organization, and Procurement. 712 02$aUnited States.$bGovernment Accountability Office. 801 0$bGPO 801 1$bGPO 906 $aBOOK 912 $a9910696650903321 996 $aU.S. Department of Agriculture$93493192 997 $aUNINA